Grammar and composition 3 / (Record no. 288242)
[ view plain ]
| 000 -LEADER | |
|---|---|
| fixed length control field | 00547nam a2200157Ia 4500 |
| 008 - FIXED-LENGTH DATA ELEMENTS--GENERAL INFORMATION | |
| fixed length control field | 150610s9999 xx 000 0 und d |
| 020 ## - INTERNATIONAL STANDARD BOOK NUMBER | |
| International Standard Book Number | 9812448497 |
| 050 ## - LIBRARY OF CONGRESS CALL NUMBER | |
| Classification number | PE 1112 |
| Item number | .P918 2005 |
| 100 ## - MAIN ENTRY--PERSONAL NAME | |
| Personal name | Forlini, Gary |
| 245 ## - TITLE STATEMENT | |
| Title | Grammar and composition 3 / |
| Statement of responsibility, etc | Gary Forlini [et.al.]. |
| 250 ## - EDITION STATEMENT | |
| Edition statement | Low price ed. |
| 260 ## - PUBLICATION, DISTRIBUTION, ETC. (IMPRINT) | |
| Place of publication, distribution, etc | Singapore : |
| Name of publisher, distributor, etc | Pearson Education South Asia Pte. Ltd, |
| Date of publication, distribution, etc | 2005. |
| 300 ## - PHYSICAL DESCRIPTION | |
| Extent | 880pages : |
| Other physical details | illustrations ; |
| Dimensions | 21 cm. |
| 520 ## - SUMMARY, ETC. | |
| Summary, etc | English language. |
| 650 ## - SUBJECT ADDED ENTRY--TOPICAL TERM | |
| Topical term or geographic name as entry element | Composition--Problems, exercises, etc. |
| General subdivision | English language. |
| Withdrawn status | Lost status | Damaged status | Home library | Current library | Shelving location | Date acquired | Total Checkouts | Full call number | Barcode | Date last seen | Price effective from | Koha item type |
|---|---|---|---|---|---|---|---|---|---|---|---|---|
| Stonyhurst Southville International School (Batangas) | Stonyhurst Southville International School (Batangas) | High School Section | 06/10/2015 | PE 1112 .P918 2005 | US-0455 | 06/10/2015 | 06/10/2015 | Books |